000 01567nam0a2200397 4500
001 RU\NLR\bibl\1065539
005 20260406001229.0
010 _a978-5-91250-265-1
_93000
021 _aRU
_b2007-8693
_9460
035 _a(nilc)RSL-KNO-003045035
035 _a(NLR Aleph) 001052792
090 _a889288
_c889288
100 _a20070301d2007 |||y0rusy50 ca
101 1 _arus
_ceng
102 _aRU
105 _ay |||||||||
106 _ar
200 1 _aБелый парус
_eтибетский буддизм встречается с Западом
_fТинли Норбу
_g[пер. с англ. под ред. Д. Литского]
210 _aМосква
_cСофия
_d2007
215 _a221 с.
_d21
225 1 _aВосток-Запад
300 _aПер. изд.: White sall / Thinley Norbu. - Boston & London, 2001
454 0 _12001#$aWhite sall$fThinley Norbu
_1700#0$3RU\NLR\auth\7751653$7ba$aThinley Norbu$4070
_1210##$aBoston$aLondon$d2001
_tWhite sall
_aThinley Norbu
606 1 _aБуддизм
_yТибет, район (Центральная Азия)
_91194649
_3RU\NLR\auth\66164803
610 0 _aРелигия -- Буддизм -- Вероучение буддийское
610 0 _aНьингма
686 _aЭ35-4,0
_2rubbk
686 _aЭ355
700 0 _4070
_7ca
_8rus
_aТинлей Норбу
_993690
_3RU\NLR\AUTH\77110765
801 0 _aRU
_bРКП
_c20070301
801 1 _aRU
_bРГБ
_c20070301
801 2 _aRU
_bNLR
_c20070328
_grcr
942 _cBOOK
980 _aNB